NBA Players Who: Were 7 Feet Tall - Statistics

General Stats
  • This quiz has been taken 76 times
    39 since last reset
  • The average score is 29 of 288
Answer Stats
Height Years Played Player % Correct
7'6 2003-2011 Yao Ming
89%
7'2 2020-Present Bol Bol
83%
7'7 1986-1995 Manute Bol
83%
7'1 1993-2011 Shaquille O'Neal
81%
7'2 1970-1989 Kareem Abdul-Jabbar
64%
7'0 1985-2002 Hakeem Olajuwon
61%
7'0 2016-Present Nikola Jokic
58%
7'1 1960-1973 Wilt Chamberlain
58%
7'1 1990-2003 David Robinson
56%
7'1 2019-Present Mitchell Robinson
56%
7'0 2022-Present Orlando Robinson
56%
7'0 2014-Present Joel Embiid
47%
7'3 2016-Present Kristaps Porzingis
47%
7'0 2002-2019 Pau Gasol
47%
7'6 1994-2005 Shawn Bradley
47%
7'0 2018 Dakari Johnson
44%
7'7 1994-2000 Gheorghe Muresan
44%
7'1 2009-2021 Marc Gasol
44%
7'0 1986-2002 Patrick Ewing
44%
7'4 1983-1993 Mark Eaton
42%
7'2 1992-2009 Dikembe Mutombo
39%
7'0 1999-2019 Dirk Nowitzki
39%
7'0 1972-1979 Elmore Smith
39%
7'0 2008-2019 Jason Smith
39%
7'0 2012-2015 Jerome Jordan
39%
7'0 1969-1970 John Smith
39%
7'1 2014-Present Rudy Gobert
39%
7'0 2014-Present Steven Adams
39%
7'5 2019-2022 Tacko Fall
39%
7'0 1972-1973 William Smith
39%
7'3 1996-2003 Arvydas Sabonis
36%
7'0 2022-Present Mark Williams
36%
7'1 1990-2005 Vlade Divac
36%
7'4 1984-1992 Ralph Sampson
33%
7'0 2009-2019 Brook Lopez
31%
7'1 2019-Present Deandre Ayton
31%
7'0 2015-Present Jusuf Nurkic
31%
7'0 1977-1997 Robert Parish
31%
7'0 2009-Present Robin Lopez
31%
7'0 1985-1986 Earl Jones
28%
7'1 2002-2020 Tyson Chandler
28%
7'0 2006-2019 Andrew Bogut
25%
7'0 2013-Present Jonas Valanciunas
25%
7'2 1992-2001 Luc Longley
25%
7'4 1989-2000 Rik Smits
25%
7'3 1998-2011 Zydrunas Ilgauskas
25%
7'0 2006-2014 Andrew Bynum
22%
7'1 1980-1995 Bill Cartwright
22%
7'3 2016-Present Boban Marjanovic
22%
7'0 1992-2000 Stanley Roberts
22%
7'0 1982-1986 Steve Hayes
22%
7'1 1978-1995 Tree Rollins
22%
7'2 1972-1988 Artis Gilmore
19%
7'1 2023-Present Chet Holmgren
19%
7'0 2002 Ernest Brown
19%
7'3 2005-2006 Ha Seung-Jin
19%
7'0 2012-Present Nikola Vučević
19%
7'1 2017-Present Ivica Zubac
17%
7'1 1989-1994 Tito Horford
17%
7'0 2007-2016 Andrea Bargnani
14%
7'0 1996 Charles Claxton
14%
7'0 2004-2013 Darko Milicic
14%
7'3 2010-2014 Hasheem Thabeet
14%
7'0 2017-Present Jakob Poeltl
14%
7'0 2002-2014 Jason Collins
14%
7'0 2009-Present JaVale McGee
14%
7'0 1999-2007 Michael Olowokandi
14%
7'1 1985-1995 Sam Bowie
14%
7'0 2014-2022 Cody Zeller
11%
7'0 2002-2013 DeSagana Diop
11%
7'2 1996-2006 Greg Ostertag
11%
7'0 2011-2022 Hassan Whiteside
11%
7'0 1978-1996 James Edwards
11%
7'0 2005-2006 John Edwards
11%
7'0 1985-2007 Kevin Willis
11%
7'0 2017-2018 Marshall Plumlee
11%
7'0 1999-2004 Paul Grant
11%
7'2 2009-2017 Roy Hibbert
11%
7'0 2013-2020 Tyler Zeller
11%
7'0 2022-Present Walker Kessler
11%
7'0 2020-Present Aleksej Pokuševski
8%
7'1 2014-Present Alex Len
8%
7'0 1994-1995 Bob Martin
8%
7'0 1987-1994 Brad Daugherty
8%
7'1 1990-1992 Gary Leonard
8%
7'0 2019-Present Isaiah Hartenstein
8%
7'1 2018-Present Luke Kornet
8%
7'1 2013-Present Meyers Leonard
8%
7'0 2020-Present Nick Richards
8%
7'0 2011-2018 Omer Asik
8%
7'0 1999-2010 Rasho Nesterovic
8%
7'5 2015 Sim Bhullar
8%
7'2 2009-2017 Alexis Ajinca
6%
7'0 1986-2000 Benoit Benjamin
6%
7'0 1986-2000 Bill Wennington
6%
7'0 2002-2015 Brendan Haywood
6%
7'0 1996-2001 Bryant Reeves
6%
7'0 2001-2009 Chris Mihm
6%
7'5 1983-1994 Chuck Nevitt
6%
7'0 2005-2008 David Harrison
6%
7'1 2017-2020 Dragan Bender
6%
7'0 2002-2013 Eddy Curry
6%
7'0 1993-1997 Elmore Spencer
6%
7'0 1991-2002 Felton Spencer
6%
7'0 2016-Present Frank Kaminsky
6%
7'0 2009-2014 Greg Oden
6%
7'2 2009-2013 Hamed Haddadi
6%
7'1 1995-2001 Jim McIlvaine
6%
7'1 1981-1991 Joe Barry Carroll
6%
7'0 1987-1997 Kevin Duckworth
6%
7'0 2018-Present Lauri Markkanen
6%
7'2 1994 Luther Wright
6%
7'0 1986-1992 Mike Smrek
6%
7'0 2019-Present Mohamed Bamba
6%
7'2 2002-2010 Primoz Brezec
6%
7'3 1984-1994 Randy Breuer
6%
7'0 1988 Ron Moore
6%
7'0 2009 Steven Hill
6%
7'1 2017-2021 Thon Maker
6%
7'1 2011-2019 Timofey Mozgov
6%
7'0 2000 Tim Young
6%
7'0 1984-1986 Wallace Bryant
6%
7'0 1989-2001 Will Perdue
6%
7'0 2002-2006 Zeljko Rebraca
6%
7'1 2018-2019 Zhou Qi
6%
7'0 2008-2014 Aaron Gray
3%
7'3 2000-2005 Aleksandar Radojevic
3%
7'0 1982-1998 Alton Lister
3%
7'0 1986-1993 Blair Rasmussen
3%
7'0 2006 Boniface N'Dong
3%
7'2 1999-2005 Bruno Sundov
3%
7'2 2003-2004 Cezary Trybanski
3%
7'0 2004-2016 Chris Kaman
3%
7'0 2022-Present Christian Koloko
3%
7'0 1992-1996 Donald Hodge
3%
7'3 2016-2017 Edy Tavares
3%
7'0 2013 Fab Melo
3%
7'0 2011-2014 Hamady N'Diaye
3%
7'0 2019-2020 Isaac Humphries
3%
7'2 2001-2007 Jake Tsakalidis
3%
7'2 1981-1995 James Donaldson
3%
7'0 2020-Present James Wiseman
3%
7'0 1999-2009 Jerome James
3%
7'1 2001-2013 Joel Przybilla
3%
7'0 2006-2013 Johan Petro
3%
7'0 1986-1996 Jon Koncak
3%
7'0 2014-Present Kelly Olynyk
3%
7'0 2009-2019 Kosta Koufos
3%
7'0 2015-2018 Lucas Nogueira
3%
7'0 2001-2005 Mamadou N'Diaye
3%
7'0 2021-Present Ömer Yurtseven
3%
7'4 1997-1998 Priest Lauderdale
3%
7'2 1992-1995 Rich King
3%
7'0 2005-2009 Robert Swift
3%
7'1 1970-1972 Ronald Taylor
3%
7'2 2016-2019 Salah Mejri
3%
7'0 2011-2012 Semih Erden
3%
7'0 2001-2003 Soumaila Samake
3%
7'2 1991-1999 Stojko Vrankovic
3%
7'0 1985-1991 Stuart Gray
3%
7'0 2000-2003 Todd MacCulloch
3%
7'2 1975-1981 Tom Burleson
3%
7'0 2001-2005 Wang Zhizhi
3%
7'0 2008-2012 Yi Jianlian
3%
7'0 1995-1998 Yinka Dare
3%
7'0 2017 A.J. Hammons
0%
7'2 1991-1993 Alan Ogg
0%
7'0 2015 Alex Kirk
0%
7'1 2007 Andreas Glyniadakis
0%
7'0 1989 Ben Gillery
0%
7'0 1987-1993 Brad Sellers
0%
7'0 1981 Brett Vroman
0%
7'0 2010-2014 Byron Mullens
0%
7'0 1982 Carl Bailey
0%
7'0 2006-2019 Channing Frye
0%
7'1 2008-2009 Cheikh Samb
0%
7'0 1998-2000 Chris Anstey
0%
7'0 1988-1990 Chris Welp
0%
7'0 1968 Craig Spitzer
0%
7'0 2004-2005 Curtis Borchardt
0%
7'1 2001-2003 Dalibor Bagaric
0%
7'1 2001-2005 Daniel Santiago
0%
7'0 2001 Dan McClintock
0%
7'0 1969-1971 Dave Newmark
0%
7'0 2014-Present Dewayne Dedmon
0%
7'0 2005-2011 Didier Ilunga-Mbenga
0%
7'0 2013-2019 Donatas Motiejunas
0%
7'0 1991-2001 Duane Causwell
0%
7'1 1991-1999 Dwayne Schintzius
0%
7'0 2006-2015 Earl Barron
0%
7'0 1981 Edmund Lawrence
0%
7'0 1998 Ed Stokes
0%
7'0 1995-2002 Eric Montross
0%
7'0 1994-1999 Eric Riley
0%
7'0 2004-2012 Francisco Elson
0%
7'2 2001 Garth Joseph
0%
7'0 1994-1996 Geert Hammink
0%
7'0 1996-1998 George Zidek
0%
7'1 2017-2018 Georgios Papagiannis
0%
7'1 1987-1997 Greg Dreiling
0%
7'1 1971-1972 Greg Fillmore
0%
7'0 1967-1975 Hank Finkel
0%
7'0 2001-2005 Jason Collier
0%
7'0 1981-1991 Jawann Oldham
0%
7'1 2021-Present Jay Huff
0%
7'0 2012 Jeff Foote
0%
7'0 2014-2018 Jeff Withey
0%
7'0 1991 Jim Grandholm
0%
7'1 1983 Jim Zoet
0%
7'0 1996-2001 John Coker
0%
7'1 2022 Jon Teske
0%
7'0 2014-2017 Justin Hamilton
0%
7'0 2018-2021 Justin Patton
0%
7'3 1998-2000 Keith Closs
0%
7'0 1974-1982 Kevin Kunnert
0%
7'0 1997-1998 Kevin Salvadori
0%
7'2 2008 Kosta Perovic
0%
7'1 2008-2012 Kyrylo Fesenko
0%
7'0 1968-1969 Larry Bunce
0%
7'0 1975-1976 Len Kosmalski
0%
7'0 1991-1992 Les Jepsen
0%
7'1 2002-2008 Loren Woods
0%
7'1 2006-2007 Luke Schenscher
0%
7'0 1974-1976 Luke Witte
0%
7'1 2005-2006 Mario Kasun
0%
7'0 2001-2009 Mark Blount
0%
7'2 1988 Martin Nessley
0%
7'2 2006 Martynas Andriuskevicius
0%
7'1 1976-1987 Marvin Webster
0%
7'0 1993-2002 Matt Geiger
0%
7'1 1994 Matt Wenstrom
0%
7'0 1965-1976 Mel Counts
0%
7'0 1986-1987 Mike Brittain
0%
7'0 1968 Mike Dabich
0%
7'0 2017 Mike Tobey
0%
7'1 2007 Mile Ilic
0%
7'0 1991-1992 Milos Babic
0%
7'0 2014-2015 Miroslav Raduljica
0%
7'1 2003 Nate Huffman
0%
7'0 2021-Present Neemias Queta
0%
7'0 2005-2011 Nenad Krstic
0%
7'1 1986-1987 Nick Vanos
0%
7'0 2003-2006 Nikoloz Tskitishvili
0%
7'1 2014-2015 Ognjen Kuzmic
0%
7'0 2008-2010 Oleksiy Pecherov
0%
7'0 2007-2010 Patrick O'Bryant
0%
7'0 1980-1991 Paul Mokeski
0%
7'5 2005-2006 Pavel Podkolzin
0%
7'3 2005 Peter John Ramos
0%
7'2 1982-1989 Petur Gudmundsson
0%
7'2 1981 Ralph Drollinger
0%
7'1 1947 Ralph Siewert
0%
7'1 1996 Rastko Cvetkovic
0%
7'1 2002 Ratko Varda
0%
7'0 1964-1968 Reggie Harding
0%
7'0 1976-1986 Rich Kelley
0%
7'0 1969-1972 Rich Niemann
0%
7'0 2013-2016 Robert Sacre
0%
7'1 1989 Rolando Ferreira
0%
7'1 1985-1989 Ron Cavenall
0%
7'0 1986 Ron Crevier
0%
7'0 2002-2004 Ruben Boumtje-Boumtje
0%
7'0 2007-2016 Ryan Hollins
0%
7'5 2004 Slavko Vranes
0%
7'1 2011-2012 Solomon Alabi
0%
7'1 2008-2017 Spencer Hawes
0%
7'0 2017 Stephen Zimmerman
0%
7'0 1997 Steve Hamer
0%
7'0 2002-2010 Steven Hunter
0%
7'3 1961-1962 Swede Halbrook
0%
7'2 1996-2000 Thomas Hamilton
0%
7'0 2018-2019 Thomas Welsh
0%
7'3 2016 Tibor Pleiss
0%
7'0 1996 Todd Mundt
0%
7'0 1969-1978 Tom Boerwinkle
0%
7'2 1972 Tom Payne
0%
7'1 1984 Tom Piotrowski
0%
7'0 1997-2003 Travis Kirk
0%
7'0 1999 Trevor Winter
0%
7'1 1986-1990 Uwe Blab
0%
7'0 2013-2014 Viacheslav Kravtsov
0%
7'0 1972 Vic Bartolome
0%
7'0 1999-2004 Vladimir Stepania
0%
7'0 1956-1963 Walter Dukes
0%
7'1 1991-1993 Walter Palmer
0%
7'0 1987-1993 William Bedford
0%
7'0 2016-Present Willie Cauley-Stein
0%
7'0 1995-2001 Zan Tabak
0%
No matching quizzes found
Score Distribution
Percent of People with Each Score
Percentile by Number Answered
Your Score History
You have not taken this quiz since the last reset